[Event "Summer Cup Agios Nikolaos"]
[Site "?"]
[Date "2007.??.??"]
[Round "5"]
[White "Pountzas, H."]
[Black "Sekadakis, D."]
[Result "1-0"]
[WhiteElo "2238"]
[BlackElo "1929"]
[PlyCount "73"]
[EventDate "2007.??.??"]

1. c4 Nf6 2. Nc3 e6 3. e4 d5 4. e5 d4 5. exf6 dxc3 6. bxc3 Qxf6 7. d4 c5 8. Nf3
h6 9. Be2 Be7 10. O-O O-O 11. Qc2 Rd8 12. Be3 Nc6 13. Qe4 cxd4 14. cxd4 Qf5 15.
Qxf5 exf5 16. d5 Nb4 17. Rfc1 f4 18. Bxf4 Bf6 19. Be5 Bxe5 20. Nxe5 Re8 21. f4
Bf5 22. a3 Nc2 23. Ra2 Nd4 24. Bf1 f6 25. Nf3 Nb3 26. Rd1 Nc5 27. Re2 Rxe2 28.
Bxe2 Re8 29. Nd4 Bd7 30. Bf3 Re3 31. f5 Rxa3 32. d6 a5 33. Bd5+ Kf8 34. Ne6+
Bxe6 35. fxe6 Ke8 36. Rb1 a4 37. Bc6+ 1-0

[Event "Summer Cup Agios Nikolaos"]
[Site "?"]
[Date "2007.??.??"]
[Round "5"]
[White "Sfougatakis, N."]
[Black "Tassopoulos, M."]
[Result "0-1"]
[WhiteElo "2009"]
[BlackElo "2215"]
[PlyCount "76"]
[EventDate "2007.??.??"]

1. d4 d5 2. c4 e6 3. Nc3 Be7 4. Nf3 Nf6 5. cxd5 exd5 6. Bg5 c6 7. e3 Bf5 8. Bd3
Bxd3 9. Bxf6 Bxf6 10. Qxd3 Nd7 11. O-O O-O 12. b4 a6 13. a4 b5 14. a5 Be7 15.
Rab1 Bd6 16. Ne2 Re8 17. Qc3 Rc8 18. Nc1 Re6 19. Nd3 Nf6 20. Rfc1 Ne4 21. Qe1
Rh6 22. Nde5 f6 23. Ng4 Rg6 24. h3 h5 25. Nh4 Rg5 26. f4 hxg4 27. fxg5 Bg3 28.
Qd1 Bxh4 29. Qxg4 Bf2+ 30. Kf1 f5 31. Qf4 g6 32. Qe5 Qd7 33. Qh2 Bxe3 34. Rc2
f4 35. Rbb2 Ng3+ 36. Ke1 Bxd4 37. Rb3 Re8+ 38. Kd1 Qe6 0-1

[Event "Summer Cup Agios Nikolaos"]
[Site "?"]
[Date "2007.??.??"]
[Round "6"]
[White "Gogolis, A."]
[Black "Sandalakis, A."]
[Result "1-0"]
[WhiteElo "2289"]
[BlackElo "2355"]
[PlyCount "63"]
[EventDate "2007.??.??"]

1. d4 g6 2. Nf3 Bg7 3. c3 Nf6 4. Bg5 O-O 5. Nbd2 c5 6. Bxf6 exf6 7. dxc5 f5 8.
g3 Na6 9. Nb3 Re8 10. Bg2 Qe7 11. e3 Nxc5 12. Nxc5 Qxc5 13. O-O Rb8 14. Qd2 b5
15. a3 Bb7 16. Rfd1 Bc6 17. Nd4 Bxg2 18. Kxg2 Rbd8 19. Kg1 d6 20. a4 bxa4 21.
Rxa4 Rd7 22. Rb4 f4 23. exf4 Rde7 24. Rf1 Qh5 25. Qd1 Qh3 26. Nf3 Qh5 27. Ng5
Re2 28. Qd5 h6 29. Qxf7+ Kh8 30. Rb7 Rg8 31. Ne6 Qd5 32. Rb8 1-0

[Event "Summer Cup Agios Nikolaos"]
[Site "?"]
[Date "2007.??.??"]
[Round "6"]
[White "Stiri, A."]
[Black "Ceballos Hornero, D."]
[Result "0-1"]
[WhiteElo "2251"]
[BlackElo "2195"]
[PlyCount "66"]
[EventDate "2007.??.??"]

1. e4 e5 2. Nf3 Nf6 3. Nxe5 d6 4. Nf3 Nxe4 5. Nc3 Nxc3 6. dxc3 Be7 7. Bf4 Nd7
8. Qd2 Nc5 9. O-O-O O-O 10. Nd4 Ne6 11. Be3 Nxd4 12. Bxd4 Be6 13. h3 c5 14. Be3
Bxa2 15. c4 b5 16. cxb5 Be6 17. f4 a6 18. bxa6 Qb6 19. g4 Rfb8 20. c3 Bb3 21.
Re1 Bh4 22. Bf2 Qa5 23. Bd3 Qa1+ 24. Bb1 Ba2 25. Qc2 Bxb1 26. Qxb1 Qxb1+ 27.
Kxb1 Bxf2 28. Re7 Rxa6 29. Rh2 Bg3 30. Rhe2 h6 31. R2e4 Rab6 32. Rd7 Rxb2+ 33.
Kc1 Rf2 0-1

[Event "Summer Cup Agios Nikolaos"]
[Site "?"]
[Date "2007.??.??"]
[Round "6"]
[White "Festas, G."]
[Black "Gabaldon Gomez, M."]
[Result "0-1"]
[WhiteElo "2166"]
[BlackElo "2199"]
[PlyCount "66"]
[EventDate "2007.??.??"]

1. d4 d6 2. Bg5 c6 3. c3 Qb6 4. Qc2 g6 5. Nd2 d5 6. e3 Bf5 7. Qc1 Bg7 8. Ngf3
h6 9. Bf4 Nd7 10. Be2 Ngf6 11. Ne5 Nxe5 12. Bxe5 O-O 13. O-O Rfe8 14. c4 Nd7
15. Bxg7 Kxg7 16. c5 Qc7 17. g4 Be6 18. f4 Nf6 19. h3 h5 20. Qd1 hxg4 21. hxg4
Rh8 22. Rf2 Rh3 23. Nf1 Qd7 24. Rh2 Rah8 25. Rxh3 Rxh3 26. Kg2 Nxg4 27. Bf3 Rh6
28. Qe1 Nf6 29. Qg3 Bf5 30. Nd2 Rh3 31. Qf2 Bg4 32. Kf1 Bxf3 33. Nxf3 Ne4 0-1

[Event "Summer Cup Agios Nikolaos"]
[Site "?"]
[Date "2007.??.??"]
[Round "6"]
[White "Ignatiadis, K."]
[Black "Pappas, K."]
[Result "1/2-1/2"]
[WhiteElo "2277"]
[BlackElo "2110"]
[PlyCount "82"]
[EventDate "2007.??.??"]

1. Nf3 d5 2. b3 Nf6 3. Bb2 g6 4. c4 c6 5. g3 Bg7 6. Bg2 O-O 7. O-O Nbd7 8. d4
Ne4 9. cxd5 cxd5 10. Nc3 Ndf6 11. Nd2 Nxc3 12. Bxc3 b6 13. Nf3 Ne4 14. Bb2 Bb7
15. Rc1 Rc8 16. Qd3 Qd6 17. Nd2 f5 18. a3 e6 19. Nf3 a6 20. e3 b5 21. Ne5 Rxc1
22. Rxc1 Rc8 23. Rxc8+ Bxc8 24. f3 Nf6 25. Qc3 Bb7 26. Bf1 Nd7 27. Nd3 Kf7 28.
Kf2 Qc6 29. Qxc6 Bxc6 30. Bc3 Bf8 31. Bb4 Bxb4 32. Nxb4 Bb7 33. Nd3 Ke7 34. Be2
Kd6 35. g4 fxg4 36. fxg4 g5 37. Kg3 e5 38. b4 e4 39. Nf2 Nf8 40. h4 h6 41. hxg5
hxg5 1/2-1/2

[Event "Summer Cup Agios Nikolaos"]
[Site "?"]
[Date "2007.??.??"]
[Round "6"]
[White "Tassopoulos, M."]
[Black "Makropoulou, M."]
[Result "1/2-1/2"]
[WhiteElo "2215"]
[BlackElo "2266"]
[PlyCount "104"]
[EventDate "2007.??.??"]

1. e4 e5 2. Nf3 Nc6 3. Bb5 a6 4. Bxc6 dxc6 5. O-O f6 6. d4 Bg4 7. c3 Bd6 8. Be3
Ne7 9. Nbd2 Ng6 10. h3 Be6 11. dxe5 fxe5 12. Ng5 Bg8 13. Qh5 Qe7 14. f4 exf4
15. Bxf4 Bxf4 16. Rxf4 O-O-O 17. Rf2 Ne5 18. Re2 g6 19. Qh6 Kb8 20. b4 Be6 21.
Ndf3 Bc4 22. Re3 Rd7 23. a3 Rhd8 24. Rae1 Nd3 25. Rd1 Ka7 26. e5 Nxe5 27. Rxd7
Nxf3+ 28. Nxf3 Qxd7 29. Ne5 Qd1+ 30. Kh2 Bd5 31. c4 Bxg2 32. Kxg2 Rd2+ 33. Kg3
Qg1+ 34. Kh4 Qf2+ 35. Rg3 Rd4+ 36. Ng4 b6 37. Qe3 Qxe3 38. Rxe3 h5 39. Re6 hxg4
40. hxg4 Rxc4 41. Rxg6 b5 42. Rf6 Kb6 43. Kh5 a5 44. bxa5+ Kxa5 45. Rf3 Rc1 46.
g5 Rg1 47. g6 c5 48. Kh6 b4 49. axb4+ cxb4 50. Rf5+ Ka4 51. Rc5 b3 52. Rxc7 b2
1/2-1/2

[Event "Summer Cup Agios Nikolaos"]
[Site "?"]
[Date "2007.??.??"]
[Round "6"]
[White "Karlovich, A."]
[Black "Kounalakis, E."]
[Result "1-0"]
[WhiteElo "2207"]
[BlackElo "2132"]
[PlyCount "207"]
[EventDate "2007.??.??"]

1. e4 c6 2. c4 d5 3. exd5 cxd5 4. cxd5 Nf6 5. Nc3 Nxd5 6. Nf3 Nc6 7. Bb5 Nxc3
8. bxc3 g6 9. O-O Bg7 10. d4 O-O 11. Re1 Qa5 12. Qa4 Qxa4 13. Bxa4 e6 14. Bxc6
bxc6 15. Ne5 Bxe5 16. Rxe5 Rb8 17. Ra5 a6 18. Ba3 Rd8 19. Rc5 Rb6 20. Rd1 Kg7
21. f4 h5 22. Kf2 Kf6 23. Ke3 Rd5 24. Bb4 Bd7 25. Rc4 Rb8 26. Rd2 g5 27. fxg5+
Rxg5 28. Rf2+ Rf5 29. Rxf5+ exf5 30. Rc5 Rg8 31. Kf2 Rg4 32. Ra5 Bc8 33. Bd6
Bb7 34. g3 Ke6 35. Bf4 f6 36. c4 h4 37. Ra3 hxg3+ 38. hxg3 Rg8 39. Rb3 Bc8 40.
Rb6 Kd7 41. d5 cxd5 42. cxd5 Ke7 43. Ke3 Rh8 44. a4 Rh1 45. Rc6 Kd8 46. Rxf6
Ra1 47. Rf8+ Kd7 48. Rxf5 Rxa4 49. g4 Ke8 50. Re5+ Kf7 51. g5 Ra3+ 52. Kf2 Ra2+
53. Kg3 Ra3+ 54. Be3 Rd3 55. Kf4 Rd1 56. Ke4 a5 57. d6 Rxd6 58. Rxa5 Kg6 59.
Ra7 Be6 60. Re7 Bf7 61. Kf4 Re6 62. Ra7 Rc6 63. Ra1 Rc4+ 64. Ke5 Rc6 65. Rh1
Re6+ 66. Kf4 Bg8 67. Bd4 Kf7 68. Kf5 Ra6 69. Be5 Rb6 70. Bf6 Rb5+ 71. Be5 Rb6
72. Bf6 Rb5+ 73. Kg4 Rb4+ 74. Kf5 Rb5+ 75. Ke4 Rb4+ 76. Ke5 Rb5+ 77. Kd6 Rb6+
78. Ke5 Rb5+ 79. Kd4 Rb4+ 80. Kc5 Rg4 81. Ra1 Kg6 82. Ra7 Bf7 83. Be7 Rf4 84.
Kd6 Re4 85. Bf6 Re6+ 86. Kc5 Re1 87. Ra8 Re8 88. Ra1 Bg8 89. Rh1 Ra8 90. Rh6+
Kf7 91. Bc3 Rc8+ 92. Kb4 Rb8+ 93. Ka3 Ra8+ 94. Kb2 Rb8+ 95. Kc2 Rb5 96. Rf6+
Ke7 97. g6 Bb3+ 98. Kd2 Rg5 99. Rb6 Be6 100. g7 Kf7 101. Rb7+ Kg8 102. Rb8+ Kf7
103. Rf8+ Ke7 104. Bf6+ 1-0

[Event "Summer Cup Agios Nikolaos"]
[Site "?"]
[Date "2007.??.??"]
[Round "7"]
[White "Milonakis, G."]
[Black "Ignatiadis, K."]
[Result "1/2-1/2"]
[WhiteElo "2094"]
[BlackElo "2277"]
[PlyCount "113"]
[EventDate "2007.??.??"]

1. e4 c5 2. Nf3 Nc6 3. d4 cxd4 4. Nxd4 Nf6 5. Nc3 d6 6. Be3 e6 7. f3 Be7 8. Qd2
a6 9. O-O-O O-O 10. g4 Nxd4 11. Bxd4 Nd7 12. h4 b5 13. Qf2 Qa5 14. Kb1 b4 15.
Ne2 Qc7 16. g5 a5 17. Rg1 a4 18. Nc1 Bb7 19. h5 e5 20. Be3 a3 21. b3 d5 22.
exd5 Qc3 23. Nd3 Bxd5 24. Bd2 Qc6 25. Nxb4 Bxb4 26. Bxb4 Rfb8 27. Be1 Nc5 28.
g6 Nxb3 29. cxb3 Bxb3 30. axb3 Rxb3+ 31. Ka1 a2 32. gxf7+ Kxf7 33. Rg2 Rb1+ 34.
Rxb1 axb1=Q+ 35. Kxb1 Rb8+ 36. Qb2 Rxb2+ 37. Rxb2 g5 38. Bd3 g4 39. fxg4 Qh1
40. Rf2+ Ke6 41. Rf1 Qb7+ 42. Kc1 Qc6+ 43. Kd2 Qg2+ 44. Kc1 Qxg4 45. Bf5+ Qxf5
46. Rxf5 Kxf5 47. h6 Kg6 48. Bd2 Kf7 49. Be3 Kg8 50. Kd2 e4 51. Kc3 Kf7 52. Kd4
Kg8 53. Ke5 Kf7 54. Kf5 Ke7 55. Ke5 Kf7 56. Kd6 Kf6 57. Kd7 1/2-1/2

[Event "Summer Cup Agios Nikolaos"]
[Site "?"]
[Date "2007.??.??"]
[Round "7"]
[White "Kafetzopoulos, A."]
[Black "Stiri, A."]
[Result "0-1"]
[WhiteElo "1902"]
[BlackElo "2251"]
[PlyCount "136"]
[EventDate "2007.??.??"]

1. d4 Nf6 2. c4 e6 3. Nf3 c5 4. d5 exd5 5. cxd5 d6 6. Nc3 g6 7. Nd2 Nbd7 8. e4
Bg7 9. Nc4 Nb6 10. Ne3 O-O 11. Bd3 a6 12. a4 Re8 13. a5 Nbd7 14. O-O Ne5 15.
Bc2 Nfg4 16. Nxg4 Bxg4 17. f3 Bd7 18. Qe2 f5 19. Be3 b5 20. axb6 Qxb6 21. Ba4
fxe4 22. Nxe4 Bxa4 23. Rxa4 Qb3 24. Rfa1 Qxd5 25. Bh6 Bh8 26. Rxa6 Rxa6 27.
Rxa6 Qd4+ 28. Be3 Qc4 29. Qxc4+ Nxc4 30. Bg5 d5 31. Nd6 Bd4+ 32. Kf1 Ne3+ 33.
Ke2 Rb8 34. Bxe3 Rxb2+ 35. Bd2 Bc3 36. Kd3 Bxd2 37. Ra8+ Kg7 38. Rc8 Bb4 39.
Rc7+ Kf8 40. Nf7 Rxg2 41. h4 Rd2+ 42. Ke3 c4 43. Ng5 Rd3+ 44. Ke2 Rd2+ 45. Ke3
Ke8 46. Ne6 Rd3+ 47. Ke2 Be7 48. h5 gxh5 49. Ng7+ Kf8 50. Nxh5 Rd4 51. Ke3 Rh4
52. Ng3 Bg5+ 53. Ke2 Rh2+ 54. Kf1 Bf4 55. Rc8+ Kf7 56. Nf5 Ke6 57. Nd4+ Ke5 58.
Ne2 Bd2 59. Re8+ Kd6 60. Rd8+ Ke5 61. Re8+ Kf6 62. Rf8+ Ke7 63. Rc8 Be3 64. Nc3
Kd7 65. Rg8 d4 66. Ne4 c3 67. Rg7+ Ke6 68. Rc7 c2 0-1

[Event "Summer Cup Agios Nikolaos"]
[Site "?"]
[Date "2007.??.??"]
[Round "7"]
[White "Ceballos Hornero, D."]
[Black "Tsilidis, A."]
[Result "1-0"]
[WhiteElo "2195"]
[BlackElo "2310"]
[PlyCount "227"]
[EventDate "2007.??.??"]

1. c4 f5 2. Nf3 Nf6 3. Nc3 d6 4. d4 g6 5. e3 Bg7 6. b4 O-O 7. Bb2 a5 8. a3 b6
9. Be2 e6 10. O-O Bb7 11. Qb3 Ne4 12. Rad1 Nxc3 13. Bxc3 a4 14. Qc2 g5 15. d5
e5 16. e4 f4 17. g4 h5 18. h3 hxg4 19. hxg4 Bc8 20. Ne1 Nd7 21. f3 Kf7 22. Kg2
Rh8 23. Nd3 Ba6 24. b5 Bb7 25. Rh1 Rh4 26. Rdf1 Nc5 27. Nxc5 bxc5 28. Be1 Bf6
29. Bxh4 gxh4 30. Kh3 Bg5 31. Rhg1 Ra5 32. Rb1 Ba8 33. Qd2 Ra7 34. Rb2 Qb8 35.
Rgb1 Qb6 36. Bd1 Bb7 37. Bc2 Bc8 38. Qd1 Bd7 39. Bxa4 Ra8 40. Bb3 Rxa3 41. Ra1
Qa5 42. Rxa3 Qxa3 43. Rg2 Qb4 44. Ba2 Qc3 45. Qf1 Qe3 46. Bb1 Ke8 47. Bd3 Kd8
48. Qd1 Ke8 49. Be2 Kd8 50. Kh2 Qa3 51. Qd3 Qa5 52. Rg1 Bc8 53. Rd1 Bb7 54. Bf1
Qa2+ 55. Rd2 Qa1 56. Qe2 Kc8 57. Ra2 Qc3 58. Rb2 Qa5 59. Qf2 Kb8 60. Rb1 Kc8
61. Qb2 Kb8 62. b6 cxb6 63. Qxb6 Qxb6 64. Rxb6 Kc7 65. Rb2 Kb8 66. Bd3 Ka7 67.
Bc2 Ba6 68. Bb3 Ka8 69. Rc2 Kb7 70. Ba4 Kb6 71. Bb5 Bb7 72. Ra2 Bf6 73. Kh3 Bg5
74. Ra1 Bf6 75. Bd7 Bd8 76. Bb5 Bg5 77. Rb1 Kc7 78. Rb3 Bd8 79. Ra3 Kb6 80. Ra4
Bg5 81. Bd7 Ba6 82. Bc6 Bd8 83. Bd7 Bg5 84. Bc6 Bd8 85. Be8 Bg5 86. Bd7 Bd8 87.
g5 Bxg5 88. Kg4 Bd8 89. Kh5 Bb7 90. Kg6 Kc7 91. Bg4 Kb6 92. Kf7 Kc7 93. Ra2 Kb6
94. Bd7 Ba6 95. Ra4 Bb7 96. Bg4 Kc7 97. Bf5 Bg5 98. Ra3 Bd8 99. Ra2 Kb6 100.
Ke6 Kc7 101. Ra7 Kb6 102. Rxb7+ Kxb7 103. Kxd6 Kb6 104. Kxe5 Ka5 105. d6 Kb4
106. Kd5 Kc3 107. e5 Kd2 108. Ke4 Bg5 109. e6 Ke2 110. e7 Kf2 111. e8=Q Kg2
112. Qg6 h3 113. Qxg5+ Kf2 114. Qxf4 1-0

[Event "Summer Cup Agios Nikolaos"]
[Site "?"]
[Date "2007.??.??"]
[Round "7"]
[White "Makropoulou, M."]
[Black "Panagiotopoulos, Alex"]
[Result "1-0"]
[WhiteElo "2266"]
[BlackElo "2203"]
[PlyCount "105"]
[EventDate "2007.??.??"]

1. e4 c5 2. Nf3 Nc6 3. d4 cxd4 4. Nxd4 Qc7 5. Nc3 e6 6. g3 a6 7. Bg2 Nf6 8. O-O
Bc5 9. Nxc6 dxc6 10. e5 Qxe5 11. Bf4 Qd4 12. Qe2 Be7 13. Rfd1 Qa7 14. Rd3 O-O
15. Rad1 b5 16. Bxc6 Bb7 17. Bxb7 Qxb7 18. Be5 Rfd8 19. Bxf6 Bxf6 20. Ne4 Be7
21. b3 h6 22. h4 Qc7 23. c4 bxc4 24. Rxd8+ Rxd8 25. Rxd8+ Qxd8 26. Qxc4 Qd5 27.
Qxd5 exd5 28. Nd2 Bc5 29. Kf1 Kf8 30. Ke2 Ke7 31. Nf3 Ke6 32. Ne1 h5 33. Nd3
Bd6 34. Ke3 g6 35. b4 Kd7 36. Kd4 Kc6 37. a4 Bc7 38. Ne5+ Kd6 39. Nxf7+ Ke7 40.
Ne5 Ke6 41. Nxg6 Bb6+ 42. Kd3 Bxf2 43. Nf4+ Kf5 44. Nxh5 Kg4 45. Nf6+ Kf5 46.
Nxd5 Bxg3 47. Ne3+ Kf4 48. Ng2+ Kf3 49. h5 Kg4 50. h6 Kg5 51. h7 Be5 52. b5 a5
53. Ke4 1-0

[Event "Summer Cup Agios Nikolaos"]
[Site "?"]
[Date "2007.??.??"]
[Round "7"]
[White "Kalogiannidis, I."]
[Black "Tassopoulos, M."]
[Result "1/2-1/2"]
[WhiteElo "1904"]
[BlackElo "2215"]
[PlyCount "130"]
[EventDate "2007.??.??"]

1. d4 e6 2. c4 d5 3. cxd5 exd5 4. Nc3 c6 5. Nf3 Nf6 6. Bg5 Be7 7. Qc2 g6 8. e3
Bf5 9. Bd3 Bxd3 10. Qxd3 O-O 11. Bxf6 Bxf6 12. O-O Be7 13. Rab1 a5 14. a3 Nd7
15. b4 axb4 16. axb4 b5 17. Ne5 Nxe5 18. dxe5 f6 19. exf6 Bxf6 20. Ne2 Qb6 21.
Nd4 Bxd4 22. exd4 Rf4 23. Rfd1 Ra2 24. f3 Qd8 25. Qe3 Qg5 26. Rd2 Rxd2 27. Qxd2
Qf6 28. Rd1 g5 29. Qe3 Kf7 30. Qd3 Kg7 31. Qa3 Kg6 32. Qd3+ Qf5 33. Qc3 Qf6 34.
Qd3+ Kg7 35. Qa3 Kh6 36. Qe3 Kg7 37. Qa3 h6 38. Qe3 Kf7 39. Kf2 Qe6 40. Qxe6+
Kxe6 41. g3 Rf7 42. Ra1 g4 43. f4 Kf5 44. Ke3 h5 45. Ra6 Rf6 46. Kd3 Re6 47.
Ra8 Re1 48. Rf8+ Kg6 49. Rg8+ Kh7 50. Rg5 Kh6 51. Re5 Rd1+ 52. Kc3 Rc1+ 53. Kd3
Rc4 54. Re2 Kg6 55. Rb2 Kf7 56. Rb1 Kf6 57. Rb2 Kf5 58. Rb1 Kg6 59. Rb2 Kg7 60.
Rc2 Rxb4 61. Rxc6 Rb2 62. Rc2 Rb3+ 63. Rc3 Rb2 64. Rc2 Rb3+ 65. Rc3 Rb2 1/2-1/2

[Event "Summer Cup Agios Nikolaos"]
[Site "?"]
[Date "2007.??.??"]
[Round "8"]
[White "Ceballos Hornero, D."]
[Black "Bernal Moro, L."]
[Result "0-1"]
[WhiteElo "2195"]
[BlackElo "2431"]
[PlyCount "140"]
[EventDate "2007.??.??"]

1. c4 g6 2. Nc3 Bg7 3. d4 d6 4. e4 Nf6 5. f3 O-O 6. Bg5 a6 7. Qd2 Nbd7 8. Nh3
c5 9. d5 b5 10. cxb5 Qa5 11. Nf2 Nb6 12. Be2 axb5 13. Nxb5 Bd7 14. Qxa5 Rxa5
15. Nc3 Rb8 16. Nfd1 Na4 17. Bd2 Ne8 18. Rb1 Nxc3 19. Nxc3 Nc7 20. Bc4 Ra7 21.
Ke2 Nb5 22. Nxb5 Bxb5 23. Bxb5 Rxb5 24. b4 cxb4 25. Rxb4 Rxb4 26. Bxb4 Rxa2+
27. Bd2 f5 28. exf5 gxf5 29. Rd1 Be5 30. g3 Kf7 31. Kd3 Rb2 32. f4 Bf6 33. Rc1
Rb5 34. Be3 Rxd5+ 35. Ke2 Rb5 36. h3 Rb2+ 37. Kf3 h5 38. g4 hxg4+ 39. hxg4 Rb3
40. Ke2 fxg4 41. Rg1 Ke6 42. Rxg4 Kf5 43. Rg1 Ke4 44. Bc1 Rh3 45. Rg2 Rh1 46.
Bd2 Ra1 47. Rg3 Ra2 48. Re3+ Kf5 49. Rd3 Ra4 50. Bc1 Bd4 51. Kf3 e6 52. Rd1 d5
53. Rh1 Ra2 54. Rh5+ Kg6 55. Rg5+ Kf6 56. Rh5 Rc2 57. Rh6+ Kf5 58. Rh5+ Kg6 59.
Rh1 Rf2+ 60. Kg4 Rg2+ 61. Kf3 Ra2 62. Rd1 Ra1 63. Re1 Kf5 64. Rh1 Rb1 65. Rh5+
Kg6 66. Rg5+ Kf6 67. Bd2 Rb2 68. Ba5 Rb3+ 69. Ke2 Re3+ 70. Kd2 Re4 0-1

[Event "Summer Cup Agios Nikolaos"]
[Site "?"]
[Date "2007.??.??"]
[Round "8"]
[White "Makropoulou, M."]
[Black "Bellia, F."]
[Result "0-1"]
[WhiteElo "2266"]
[BlackElo "2405"]
[PlyCount "80"]
[EventDate "2007.??.??"]

1. e4 e5 2. Nf3 Nc6 3. Bb5 a6 4. Ba4 Nf6 5. O-O b5 6. Bb3 Bc5 7. a4 Rb8 8. axb5
axb5 9. c3 d6 10. d4 Bb6 11. h3 Bb7 12. Re1 O-O 13. Bg5 h6 14. Bh4 Re8 15. d5
Na5 16. Bc2 c6 17. Nbd2 Nc4 18. Nf1 cxd5 19. exd5 e4 20. Nd4 Nxb2 21. Qc1 Bxd4
22. cxd4 Nc4 23. Bxe4 Kf8 24. Ng3 g5 25. Bxg5 hxg5 26. Qxg5 Ng8 27. Qh5 Qf6 28.
Red1 Qh6 29. Qf5 Bc8 30. Qf3 Nd2 31. Rxd2 Qxd2 32. Ra7 Re7 33. Ra3 Qxd4 34. Rd3
Qf6 35. Qd1 Qh4 36. Bf3 Bd7 37. Kh2 b4 38. Qa1 b3 39. Qa7 Qb4 40. Rd1 b2 0-1

[Event "Summer Cup Agios Nikolaos"]
[Site "?"]
[Date "2007.??.??"]
[Round "8"]
[White "Festas, G."]
[Black "Gogolis, A."]
[Result "0-1"]
[WhiteElo "2166"]
[BlackElo "2289"]
[PlyCount "54"]
[EventDate "2007.??.??"]

1. e4 c5 2. c3 d5 3. exd5 Qxd5 4. d4 Nc6 5. Nf3 Bg4 6. Be2 cxd4 7. cxd4 e6 8.
Nc3 Qa5 9. O-O Nf6 10. Be3 Bd6 11. h3 Bh5 12. a3 O-O 13. b4 Qd8 14. b5 Na5 15.
g4 Bg6 16. g5 Ne4 17. Nxe4 Bxe4 18. a4 Rc8 19. Rc1 Bd5 20. Rxc8 Qxc8 21. Qd2
Nc4 22. Bxc4 Qxc4 23. Ne5 Bxe5 24. dxe5 Qxa4 25. Qe2 Bc4 26. Qd1 Qxb5 27. Re1
Qxe5 0-1

[Event "Summer Cup Agios Nikolaos"]
[Site "?"]
[Date "2007.??.??"]
[Round "8"]
[White "Canonne, A."]
[Black "Sandalakis, A."]
[Result "0-1"]
[WhiteElo "2054"]
[BlackElo "2355"]
[PlyCount "110"]
[EventDate "2007.??.??"]

1. e4 c5 2. Nc3 a6 3. f4 b5 4. Nf3 Bb7 5. d3 e6 6. Qe2 Be7 7. g3 d5 8. Bg2 dxe4
9. dxe4 Nf6 10. Ne5 O-O 11. O-O Qc7 12. b3 Nc6 13. Nxc6 Bxc6 14. a4 b4 15. Nd1
Qb7 16. Nf2 Rfd8 17. Bb2 Ne8 18. Nd3 Nd6 19. Rfe1 c4 20. Ne5 c3 21. Nxc6 Qxc6
22. Bc1 Nb7 23. Be3 Bc5 24. Red1 Bxe3+ 25. Qxe3 Qc5 26. Qxc5 Nxc5 27. Kf2 Kf8
28. Ke2 Ke7 29. Rxd8 Rxd8 30. Rd1 Rxd1 31. Kxd1 e5 32. Ke2 Kd6 33. Ke3 Ne6 34.
Bf1 a5 35. Bc4 Nd4 36. Bd3 Ke6 37. h3 Kf6 38. Kf2 h6 39. Ke3 Ke6 40. Bc4+ Kd6
41. Bd3 g6 42. h4 Kc5 43. g4 exf4+ 44. Kxf4 f6 45. e5 g5+ 46. hxg5 hxg5+ 47.
Ke4 fxe5 48. Kxe5 Nf3+ 49. Ke4 Ne1 50. Ke3 Nxd3 51. Kxd3 Kd5 52. Ke3 Ke5 53.
Kd3 Kf4 54. Kc4 Ke3 55. Kb5 Kd2 0-1

[Event "Summer Cup Agios Nikolaos"]
[Site "?"]
[Date "2007.??.??"]
[Round "8"]
[White "Stiri, A."]
[Black "Kalogiannidis, I."]
[Result "1-0"]
[WhiteElo "2251"]
[BlackElo "1904"]
[PlyCount "51"]
[EventDate "2007.??.??"]

1. e4 d5 2. exd5 Qxd5 3. Nc3 Qa5 4. d4 c6 5. Bc4 Bf5 6. Bd2 e6 7. g4 Bg6 8. Qe2
Bb4 9. f4 Ne7 10. O-O-O Nd7 11. h4 h5 12. f5 exf5 13. g5 O-O 14. Nh3 Nd5 15.
Nxd5 Bxd2+ 16. Qxd2 Qxd2+ 17. Rxd2 cxd5 18. Bxd5 Rab8 19. Nf4 Kh7 20. Re1 Nb6
21. Bf3 f6 22. Re7 fxg5 23. hxg5 Rfe8 24. Rde2 Rxe7 25. Rxe7 Re8 26. Nxg6 1-0

[Event "Summer Cup Agios Nikolaos"]
[Site "?"]
[Date "2007.??.??"]
[Round "8"]
[White "Tassopoulos, M."]
[Black "Fragiadakis, Em"]
[Result "1-0"]
[WhiteElo "2215"]
[BlackElo "1990"]
[PlyCount "75"]
[EventDate "2007.??.??"]

1. e4 d5 2. exd5 Qxd5 3. Nf3 Nf6 4. d4 Bg4 5. Be2 e6 6. h3 Bh5 7. O-O c6 8. c4
Qd8 9. Nc3 Bd6 10. Ne5 Bg6 11. Be3 Qc7 12. f4 Ne4 13. Nxe4 Bxe4 14. Bf3 Bxf3
15. Qxf3 Nd7 16. Rad1 O-O 17. Bd2 Rad8 18. Bc3 f6 19. Ng4 e5 20. dxe5 fxe5 21.
f5 Nc5 22. Nf2 Qf7 23. b4 Na4 24. Ne4 Nxc3 25. Qxc3 Be7 26. g4 b6 27. Kh1 b5
28. cxb5 cxb5 29. Qxe5 Bxb4 30. Qxb5 a5 31. Qe2 Rde8 32. Qg2 Re5 33. Ng5 Qe7
34. Ne6 Rc8 35. Rd3 Qh4 36. Qb7 Rxe6 37. Qxc8+ Bf8 38. Qxe6+ 1-0

[Event "Summer Cup Agios Nikolaos"]
[Site "?"]
[Date "2007.??.??"]
[Round "9"]
[White "Karlovich, A."]
[Black "Tassopoulos, M."]
[Result "1/2-1/2"]
[WhiteElo "2207"]
[BlackElo "2215"]
[PlyCount "54"]
[EventDate "2007.??.??"]

1. e4 e6 2. d4 d5 3. Nc3 Bb4 4. Qd3 dxe4 5. Qxe4 Nf6 6. Qh4 Qd5 7. Nge2 Nc6 8.
Bd2 Bxc3 9. Bxc3 Bd7 10. f3 O-O-O 11. b3 e5 12. dxe5 Nxe5 13. Qd4 Rhe8 14.
O-O-O Bc6 15. Qxd5 Nxd5 16. Bd4 b6 17. Bxe5 Rxe5 18. Nf4 Bb7 19. Nxd5 Rexd5 20.
Bc4 Rxd1+ 21. Rxd1 Rxd1+ 22. Kxd1 f6 23. Bg8 h6 24. Kd2 Kd7 25. Ke3 g5 26. g3
Kd6 27. f4 a5 1/2-1/2

[Event "Summer Cup Agios Nikolaos"]
[Site "?"]
[Date "2007.??.??"]
[Round "9"]
[White "Tsilidis, A."]
[Black "Panagiotopoulos, Alex"]
[Result "1/2-1/2"]
[WhiteElo "2310"]
[BlackElo "2203"]
[PlyCount "151"]
[EventDate "2007.??.??"]

1. e4 c5 2. Nf3 e6 3. b3 b6 4. Bb2 Bb7 5. d3 Nc6 6. Nbd2 d5 7. g3 Nf6 8. Bg2
Be7 9. O-O O-O 10. Ng5 Qc7 11. f4 dxe4 12. Ndxe4 Nd4 13. c3 Nf5 14. Qf3 Nd5 15.
Rae1 h6 16. Nh3 Rad8 17. a3 Rd7 18. Nhf2 Kh8 19. Ng4 Bf6 20. Qf2 Rfd8 21. Rd1
Kh7 22. Rd2 h5 23. Ngxf6+ Nxf6 24. Nxf6+ gxf6 25. Qe2 Kg6 26. g4 hxg4 27. Qxg4+
Kh7 28. Qh5+ Kg7 29. c4 Nd4 30. Bxb7 Qxb7 31. Rg2+ Kf8 32. f5 e5 33. Bc1 Ke7
34. Rg7 Rf8 35. Bh6 Kd8 36. Kf2 Rh8 37. Rg3 Kc8 38. Rfg1 Qc6 39. Rg8+ Rxg8 40.
Rxg8+ Kb7 41. Rf8 Ka6 42. b4 cxb4 43. axb4 b5 44. c5 Qd5 45. Bd2 e4 46. dxe4
Qxe4 47. Be3 Nxf5 48. Qf3 Qc2+ 49. Ke1 Qc3+ 50. Kf2 Qb2+ 51. Ke1 Qxb4+ 52. Ke2
Qc4+ 53. Kf2 Qc2+ 54. Ke1 Qc3+ 55. Kf2 Qxe3+ 56. Qxe3 Nxe3 57. Kxe3 Kb7 58. h4
Rc7 59. Kd4 Rd7+ 60. Ke4 f5+ 61. Ke5 a5 62. h5 Rd1 63. h6 Rh1 64. Rh8 f4 65.
Kd6 Rd1+ 66. Ke5 Kc7 67. Kxf4 Rh1 68. Ke5 b4 69. Kd4 Rh3 70. Ra8 Rxh6 71. Ra7+
Kc8 72. Rxa5 Kb7 73. Rb5+ Kc7 74. Rxb4 Rh4+ 75. Kc3 Rxb4 76. Kxb4 1/2-1/2

[Event "Summer Cup Agios Nikolaos"]
[Site "?"]
[Date "2007.??.??"]
[Round "9"]
[White "Panagiotopoulos, V."]
[Black "Ignatiadis, K."]
[Result "0-1"]
[WhiteElo "2030"]
[BlackElo "2277"]
[PlyCount "134"]
[EventDate "2007.??.??"]

1. e4 c5 2. c3 d5 3. exd5 Qxd5 4. d4 Nf6 5. Nf3 Bg4 6. Be2 e6 7. O-O Nc6 8. Na3
a6 9. Qa4 Qe4 10. Be3 cxd4 11. Ng5 Qd5 12. Nb5 Rc8 13. Nxd4 Bxe2 14. Nxe2 Qa5
15. Qb3 Qc7 16. Nf4 Nd8 17. Rfe1 Be7 18. Nfxe6 Nxe6 19. Nxe6 fxe6 20. Qxe6 Qc6
21. Qb3 b5 22. Bf4 Nd5 23. Bg5 Rc7 24. Rad1 Nf6 25. Re6 Qc4 26. Qxc4 bxc4 27.
Rde1 Kf7 28. Rxa6 Rb7 29. Re2 Rhb8 30. Bc1 Rd7 31. Kf1 Ng4 32. h3 Rd1+ 33. Re1
Nxf2 34. Rxd1 Nxd1 35. Ke2 Nxb2 36. Ra7 Ke6 37. Rc7 Nd3 38. Bd2 Ne5 39. Bf4 Bf6
40. g4 h6 41. a4 Rb3 42. Bxe5 Bxe5 43. Rxc4 Rxc3 44. Rxc3 Bxc3 45. Kd3 Be1 46.
Ke4 Ba5 47. Kf4 Kf6 48. h4 Be1 49. Kf3 Ke5 50. h5 Kd5 51. Kf4 Bh4 52. Kf5 Kc5
53. Kg6 Bf6 54. g5 hxg5 55. Kf5 Kb4 56. Kg4 Kxa4 57. Kf5 Kb5 58. Kg4 Kc4 59.
Kf3 Kd5 60. Kg3 Ke5 61. Kg4 Ke4 62. Kg3 Kf5 63. Kh3 g4+ 64. Kg3 Kg5 65. Kh2 Kh4
66. Kg2 g3 67. Kg1 Kh3 0-1